[Event "Gebze op 5th"]
[Site "Kocaeli"]
[Date "2014.09.24"]
[Round "7"]
[White "Hasanzada, Vusal Algish"]
[Black "Seyhanoglu, Deniz"]
[Result "0-1"]
[WhiteElo "1617"]
[BlackElo "2025"]
[PlyCount "142"]
[EventDate "2014.09.20"]
[EventType "swiss"]
[EventRounds "9"]
[EventCountry "TUR"]
[SourceTitle "CBM 162 Extra"]
[Source "ChessBase"]
[SourceDate "2014.10.17"]
[SourceVersion "1"]
[SourceVersionDate "2014.10.17"]
[SourceQuality "1"]

1. e4 c5 2. Nf3 e6 3. d4 cxd4 4. Nxd4 a6 5. Nc3 b5 6. Bd3 Bb7 7. 0-0 d6 8. Re1 Nd7 9. a4 b4 10. Na2 a5 11. c3 bxc3 12. Nxc3 Ngf6 13. Ndb5 Be7 14. Bb1 Qb8 15. Re3 0-0 16. Rh3 Rd8 17. g4 g6 18. g5 Nh5 19. Be3 Ng7 20. f4 Nf8 21. f5 exf5 22. exf5 Qc8 23. Nd5 Bxd5 24. Qxd5 Nxf5 25. Bxf5 Qxf5 26. Qxf5 gxf5 27. Rf3 Ne6 28. Rxf5 d5 29. Raf1 d4 30. Bd2 d3 31. h4 Rd7 32. Kg2 Bb4 33. Rd1 Rc8 34. Bc3 Nc5 35. Rf3 Rcd8 36. Bf6 Re8 37. Bd4 Nxa4 38. Rfxd3 Red8 39. Rf3 Bc5 40. Ra1 Rxd4 41. Nxd4 Rxd4 42. Rf5 Bb6 43. Raf1 Rd7 44. b3 Nc5 45. R1f3 Ne6 46. Rf6 Bd8 47. R6f5 Rb7 48. Rd3 Kg7 49. Kf3 Ra7 50. Rfd5 Be7 51. Kg4 Bb4 52. h5 Rc7 53. Kf5 Rc1 54. Rg3 Rf1+ 55. Kg4 Rf4+ 56. Kh3 Kf8 57. Kg2 Rh4 58. Rf5 Rxh5 59. g6 hxg6 60. Rxh5 gxh5 61. Kf2 f6 62. Rh3 Ng7 63. Kf3 Kf7 64. Kf4 Kg6 65. Rg3+ Kf7 66. Rd3 Ne6+ 67. Kf5 Ng7+ 68. Kf4 Ke6 69. Re3+ Kd5 70. Rd3+ Kc6 71. Rd8 Ne6+ 0-1

[Event "Gebze op 5th"]
[Site "Kocaeli"]
[Date "2014.09.21"]
[Round "3"]
[White "Pekol, Erdem"]
[Black "Hasanzada, Vusal Algish"]
[Result "1-0"]
[WhiteElo "1919"]
[BlackElo "1617"]
[PlyCount "101"]
[EventDate "2014.09.20"]
[EventType "swiss"]
[EventRounds "9"]
[EventCountry "TUR"]
[SourceTitle "CBM 162 Extra"]
[Source "ChessBase"]
[SourceDate "2014.10.17"]
[SourceVersion "1"]
[SourceVersionDate "2014.10.17"]
[SourceQuality "1"]

1. d4 Nf6 2. Nf3 e6 3. e3 b6 4. c4 Bb7 5. Bd3 Bb4+ 6. Bd2 a5 7. a3 Bxd2+ 8. Nbxd2 d6 9. b4 axb4 10. axb4 0-0 11. Rxa8 Bxa8 12. 0-0 c5 13. bxc5 bxc5 14. dxc5 dxc5 15. Qb1 Nc6 16. Ne4 Nxe4 17. Bxe4 f5 18. Bxc6 Bxc6 19. Ne5 Be4 20. Qb5 Qd6 21. Qb2 Rb8 22. Qc3 Rb4 23. f3 Bb7 24. Nd3 Rb6 25. Qe5 Qxe5 26. Nxe5 Ba6 27. Ra1 g5 28. Nd7 Rd6 29. Ne5 Rb6 30. Ra5 f4 31. exf4 gxf4 32. h3 Kg7 33. Rxc5 Rb1+ 34. Kh2 Kf6 35. Ra5 Bb7 36. Nd7+ Ke7 37. Nc5 Kd6 38. Nd3 Rd1 39. Nxf4 Rd4 40. c5+ Kd7 41. Nh5 Kc6 42. Nf6 h6 43. Ne4 Kc7 44. Nf6 Rf4 45. Ng4 h5 46. Ne5 Rf5 47. c6 Bc8 48. Ra7+ Kb6 49. Ra8 Kc7 50. Ng6 Rf7 51. Ra7+ 1-0